Statistics for Tour de France 2015

Click here to take the quiz!

General Stats

  • This quiz has been taken 58 times
  • The average score is 76 of 198

Answer Stats

Rank Team Nationality Cyclist Time % Correct
1SkyEnglandChristopher Froome84 h 46' 14"
100%
3MovistarSpainAlejandro Valverde+ 5' 25"
100%
4AstanaItalyVincenzo Nibali+ 8' 36"
100%
5Tinkoff-SaxoSpainAlberto Contador+ 9' 48"
100%
46Tinkoff-SaxoSlovakiaPeter Sagan+ 2h 14' 55"
96%
2MovistarColombiaNairo Quintana+ 1' 12"
96%
7TrekNetherlandsBauke Mollema+ 15' 14"
92%
16FDJFranceThibaut Pinot+ 38' 52"
92%
9AG2RFranceRomain Bardet+ 16' 00"
88%
DNSEtixx Quick StepGermanyTony MartinDay 7
84%
10EuropcarFrancePierre Rolland+ 17' 30"
84%
15SkyWalesGeraint Thomas+ 31' 39"
84%
39CannondaleIrelandDaniel Martin+ 2h 03' 37"
84%
12BMCSpainSamuel Sanchez+ 22' 50"
80%
DNSTrekSwitzerlandFabian CancellaraDay 4
80%
28Tinkoff-SaxoPolandRafal Majka+ 1h 35' 06"
76%
14GiantFranceWarren Barguil+ 31' 15"
76%
45EuropcarFranceThomas Voeckler+ 2h 14' 08"
76%
48SkyAustraliaRichie Porte+ 2h 16' 05"
72%
29KatushaSpainJoaquim Rodriguez+ 1h 36' 07"
72%
134LottoGermanyAndré Greipel+ 4h 03' 28"
72%
17Tinkoff-SaxoCzech RepublicRoman Kreuziger+ 1h 02' 51"
72%
31LottoFranceTony Gallopin+ 1h 40' 44"
68%
61AG2RFranceJean Christophe Péraud+ 2h 35' 10"
68%
23AstanaDenmarkJakob Fuglsang+ 1h 25' 23"
68%
142Etixx Quick StepEnglandMark Cavendish+ 4h 12' 05"
68%
160FDJFranceSébastien Chavanel+ 4h 56' 59"
68%
8IAMSwitzerlandMathias Frank+ 15' 39"
68%
54IAMFranceSylvain Chavanel+ 2h 29 28"
68%
11CannondaleUSAAndrew Talansky+ 22' 06"
68%
50OricaEnglandAdam Yates+ 2h 16' 36"
64%
DNFBMCUSATejay van GarderenDay 17
64%
DNFLamprePortugalRui CostaDay 11
64%
89OricaEnglandSimon Yates+ 3h 16' 04"
64%
6LottoNetherlandsRobert Gesink+ 10' 47"
60%
35SkyIrelandNicolas Roche+ 1h 54' 08"
60%
49MTN QhubekaEritreaDaniel Teklehaimanot+ 2h 16' 15"
56%
DNFEtixx Quick StepPolandMichal KwiatkowskiDay 17
56%
70SkyCzech RepublicLeopold König+ 2h 53' 09"
56%
42Etixx Quick StepColombiaRigoberto Uran+ 2h 08' 20"
56%
37LottoDenmarkLars Bak+ 1h 56' 57"
56%
109GiantGermanyJohn Degenkolb+ 3h 39' 43"
56%
DNFCofidisFranceNacer BouhanniDay 5
52%
40CannondaleCanadaRyder Hesjedal+ 2h 04' 37"
52%
13MTN QhubekaBelgiumSerge Pauwels+ 31' 03"
52%
130KatushaNorwayAlexander Kristoff+ 4h 01' 06"
52%
34EuropcarFranceCyril Gautier+ 1h 51' 51"
52%
67LottoBelgiumThomas De Gendt+ 2h 48' 02"
52%
138FDJFranceArnaud Démare+ 4h 05' 28"
52%
DNFOricaAustraliaSimon GerransDay 3
52%
20AG2RBelgiumJan Bakelants+ 1h 16' 36"
52%
152OricaAustraliaMichael Matthews+ 4h 26' 33"
48%
103Etixx Quick StepCzech RepublicZdenek Stybar+ 3h 30' 13"
48%
44SkyNetherlandsWout Poels+ 2h 12' 44"
48%
101BMCAustraliaRohan Dennis+ 3h 27' 34"
48%
26AG2RFranceAlexis Vuillermoz+ 1h 28' 29"
48%
DNSAstanaNetherlandsLars BoomDay 10
44%
82MTN QhubekaNorwayEdvald Boasson Hagen+ 3h 08' 02"
44%
DNFGiantNetherlandsTom DumoulinDay 3
44%
92LottoNetherlandsLaurens ten Dam+ 3h 18' 43"
44%
110EuropcarFranceBryan Coquard+ 3h 42' 36"
44%
22AstanaEstoniaTanel Kangert+ 1h 24' 58"
44%
66CofidisSpainDaniel Navarro+ 2h 43' 34"
44%
57MovistarColombiaWinner Anacona+ 2h 31' 14"
44%
32MovistarSpainGorka Izagirre+ 1h 41' 34"
44%
56BMCSwitzerlandMichael Schär+ 2h 31' 13"
44%
19IAMColombiaJarlinson Pantano+ 1h 09' 08"
44%
38GiantGermanySimon Geschke+ 1h 58' 14"
44%
36Tinkoff-SaxoAustraliaMichael Rogers+ 1h 56' 13"
44%
25Bora-ArgonCzech RepublicJan Barta+ 1h 26' 56"
44%
117Etixx Quick StepItalyMatteo Trentin+ 3h 50' 59"
40%
21LottoNetherlandsSteven Kruijswijk+ 1h 21' 27"
40%
DNSOricaSouth AfricaDaryl ImpeyDay 4
40%
18AG2RFranceMikaël Chérel+ 1h 05' 00"
40%
136SkyWalesLuke Rowe+ 4h 04 45"
40%
98Bretagne-SéchéFranceBrice Feillu+ 3h 23' 11"
40%
DNFFDJFranceWilliam BonnetDay 3
36%
30LampreSpainRuben Plaza+ 1h 38' 22"
36%
DNFAstanaEstoniaRein TaaramäeDay 11
36%
41AstanaItalyMichele Scarponi+ 2h 05' 03"
36%
43CofidisSpainLuis Angel Maté+ 2h 10' 12"
36%
97BMCItalyDaniel Oss+ 3h 22' 14"
36%
64AstanaUkraineAndriy Grivko+ 2h 38' 06"
36%
DNFFDJSwitzerlandSteve MorabitoDay 14
36%
DNSBMCBelgiumGreg Van AvermaetDay 16
36%
DNFBora-ArgonIrelandSam BennettDay 17
36%
79LottoNetherlandsWilco Kelderman+ 3h 04' 07"
36%
DSQBretagne-SéchéArgentinaEduardo SepulvedaDay 14
32%
76LampreCroatiaKristijan Durasek+ 3h 02' 14"
32%
69CannondaleSloveniaKristjan Koren+ 2h 51' 44"
32%
68AG2RFranceChristophe Riblon+ 2h 48' 19"
32%
47LamprePortugalNelson Oliveira+ 2h 15' 32"
32%
123CofidisFranceGeoffrey Soupe+ 3h 55' 35"
32%
114LottoAustraliaAdam Hansen+ 3h 45' 18"
32%
65MovistarSpainJosé Herrada+ 2h 40' 06"
32%
143CannondaleLithuaniaRamunas Navardauskas+ 4h 14' 40
32%
DNSTinkoff-SaxoItalyIvan BassoDay 10
32%
53BMCItalyDamiano Caruso+ 2h 26' 32"
32%
DNFTinkoff-SaxoItalyDaniele BennatiDay 11
32%
90KatushaItalyGiampaolo Caruso+ 3h 17' 03"
32%
127CofidisFranceChristophe Laporte+ 3h 59' 10"
32%
128SkyEnglandIan Stannard+ 3h 59' 37"
32%
132Tinkoff-SaxoItalyMatteo Tosatto+ 4h 01' 15"
32%
DNFEtixx Quick StepAustraliaMark RenshawDay 18
32%
DNSMTN QhubekaSouth AfricaLouis MeintjesDay 18
28%
63BMCSwitzerlandDanilo Wyss+ 2h 37' 17"
28%
150LottoGermanyMarcel Sieberg+ 4h 24' 52"
28%
159OricaCanadaSvein Tuft+ 4h 48' 08"
28%
62TrekSpainHaimar Zubeldia+ 2h 36' 50"
28%
DNFIAMFranceJérôme CoppelDay 17
28%
115MovistarSpainImanol Erviti+ 3h 47' 14"
28%
83Bora-ArgonGermanyEmanuel Buchmann+ 3h 08' 47"
28%
72KatushaPortugalTiago Machado+ 2h 54' 31"
28%
33EuropcarFranceRomain Sicard+ 1h 51' 32"
28%
86MTN QhubekaEnglandSteve Cummings+ 3h 12' 23"
28%
88Bretagne-SéchéFranceFlorian Vachon+ 3h 15' 01
28%
52Bretagne SéchéFrancePierrick Fédrigo+ 2h 22' 54"
28%
95Etixx Quick StepPolandMichal Golas+ 3h 21' 17"
28%
96MTN QhubekaSouth AfricaReinardt Janse Van Rensburg+ 3h 21' 30"
28%
51MTN QhubekaSouth AfricaJacques Janse Van Rensburg+ 2h 18' 16"
28%
78LampreSpainRafael Valls+ 3h 03' 11"
28%
60IAMSwitzerlandMarcel Wyss+ 2h 34' 38"
28%
74EuropcarFrancePerrig Quémeneur+ 2h 57' 19"
28%
111CofidisFranceNicolas Edet+ 3h 42' 42"
28%
157EuropcarFranceBryan Nauleau+ 4h 40' 12"
24%
DNSLottoNew ZealandGregory HendersonDay 7
24%
DNSOricaSwitzerlandMichael AlbasiniDay 6
24%
DNFCannondaleNew ZealandJack BauerDay 5
24%
DNFMovistarEnglandAlex DowsettDay 12
24%
DNFAG2RBelgiumJohan VansummerenDay 11
24%
DNFSkyEnglandPeter KennaughDay 16
24%
100IAMSwitzerlandMartin Elmiger+ 3h 26' 47"
24%
107MovistarItalyAdriano Malori+ 3h 37' 28"
24%
77AstanaNetherlandsLieuwe Westra+ 3h 03' 09"
24%
118LampreItalyMatteo Bono+ 3h 52' 17"
24%
112FDJFranceAlexandre Geniez+ 3h 42' 57"
24%
108Bora-ArgonPolandBartosz Huzarski+ 3h 38' 06"
24%
104LottoBelgiumSep Vanmarcke+ 3h 31' 15"
24%
119Bretagne-SéchéFranceArmindo Fonseca+ 3h 53' 13"
24%
71FDJFranceMatthieu Ladagnous+ 2h 53' 22"
24%
59IAMNetherlandsStef Clement+ 2h 33' 42"
24%
24MovistarSpainJonathan Castroviejo+ 1h 26' 05"
24%
73GiantNetherlandsKoen de Kort+ 2h 57' 05"
20%
DNFGiantNetherlandsRamon SinkeldamDay 14
20%
81Bretagne-SéchéFrancePierre-Luc Périchon+ 3h 05' 48"
20%
158CofidisBelgiumKenneth Vanbilsen+ 4h 41' 27"
20%
87GiantAustriaGeorg Preidler+ 3h 14' 14"
20%
93TrekSpainMarkel Irizar+ 3h 19' 44"
20%
DSQKatushaItalyLuca PaoliniDay 8
20%
102TrekSwitzerlandGrégory Rast+ 3h 29' 00"
20%
105FDJFranceJérémy Roy+ 3h 32' 12"
20%
55LottoNetherlandsBram Tankink+ 2h 30' 12"
20%
27TrekNetherlandsBob Jungels+ 1h 33' 21"
20%
84MTN QhubekaEritreaMerhawi Kudus+ 3h 10' 36"
20%
DNFTinkoff-SaxoDenmarkMichael ValgrenDay 19
20%
124TrekColombiaJulian Arredondo+ 3h 56' 49"
20%
122LampreColombiaJosé Serpa+ 3h 54' 25"
20%
154MTN QhubekaUSATyler Farrar+ 4h 32' 32"
20%
129LottoBelgiumTim Wellens+ 3h 59' 39"
20%
147CannondaleNetherlandsDylan van Baarle+ 4h 18' 40"
20%
125LampreItalyFilippo Pozzato+ 3h 58' 20"
20%
121LottoNetherlandsJos van Emden+ 3h 54' 19"
20%
126KatushaAustriaMarco Haller+ 3h 59' 04"
20%
151OricaAustraliaLuke Durbridge+ 4h 25' 03"
20%
144OricaNetherlandsPieter Weening+ 4h 15 20"
20%
80LottoGermanyPaul Martens+ 3h 04' 52"
16%
DNFCannondaleNetherlandsSebastian LangeveldDay 15
16%
75IAMSwitzerlandReto Hollenstein+ 2h 58' 30"
16%
156IAMAustriaMatthias Brandle+ 4h 37' 36"
16%
140Bora-ArgonPortugalJosé Mendes+ 4h 07' 47"
16%
139GiantNetherlandsAlbert Timmer+ 4h 05' 30"
16%
58KatushaSpainAlberto Losada+ 2h 32' 30"
16%
137EuropcarFranceYohann Gène+ 4h 04' 56"
16%
135CofidisFranceFlorian Sénéchal+ 4h 04' 06"
16%
DNFCannondaleAustraliaNathan HaasDay 17
16%
DNFBora-ArgonGermanyDominik NerzDay 11
16%
133Bretagne-SéchéFranceArnaud Gérard+ 4h 02' 06"
16%
99Bora-ArgonGermanyPaul Voß+ 3h 24' 53"
16%
155LampreItalyDavide Cimolai+ 4h 33' 21"
16%
116Etixx Quick StepBelgiumJulien Vermote+ 3h 50' 32"
16%
106GiantNetherlandsRoy Curvers+ 3h 35' 40"
16%
148TrekBelgiumStijn Devolder+ 4h 21' 31"
16%
149KatushaItalyJacopo Guarnieri+ 4h 22' 20"
16%
94CofidisFranceJulien Simon+ 3h 19' 53"
16%
146AG2RFranceDamien Gaudin+ 4h 16' 13"
16%
91EuropcarFranceAngelo Tulik+ 3h 18' 24"
16%
145LottoBelgiumJens Debusschere+ 4h 16' 06"
12%
131AstanaKazakhstanDmitriy Gruzdev+ 4h 01' 12"
12%
DNFKatushaRussiaDmitry KozontchukDay 3
12%
113FDJFranceBenoît Vaugrenard+ 3h 43' 08"
12%
85Bretagne-SéchéFranceAnthony Delaplace+ 3h 11' 28"
12%
153LottoNetherlandsTom Leezer+ 4h 26' 47"
12%
DNFAG2RNetherlandsBen GastauerDay 11
12%
120BMCItalyManuel Quinziato+ 3h 53' 21"
12%
141Bretagne-SéchéFranceFrédéric Brun+ 4h 10' 32"
8%
DNFBora-ArgonAustraliaZakkari DempsterDay 12
8%
DNSTrekNetherlandsLaurent DidierDay 17
8%
DNSBora-ArgonGermanyAndreas SchillingerDay 4
8%

Score Distribution

Percentile by Number Answered

Percent of People with Each Score

Your Score History

You have not taken this quiz